000 00816nam a22002297a 4500
999 _c10960
_d10960
003 AR-CdUCM
008 190402b ||||| |||| 00| 0 spa d
040 _aMUNICIPALIDAD PROVINCIAL DEL CUSCO
_cBIBLIOTECA MUNICIPAL DEL CUSCO
082 _a869.56 /
_bG182L / 1947
_22ed.
100 _aGálvez Barrenechea, José
_927825
245 _aUna Lima que se va /
260 _aLima :
_bP.T.C.M,
_c1947.
300 _a199 páginas ;
_c21 cm.
505 _aContenido: En la casa de pobres de San Carlos -- los mil y un fantasmas de Lima -- Lima, ciudad de campanas y de campanillas ...
650 _aLiteratura peruana
_9169
650 _aEnsayos peruanos
_9233
650 _aSiglo XIX
_9971
650 _aCostumbres Peruanos
_928045
700 _aPalma, Ricardo (prologo)
_928046
942 _2ddc
_cLIBROS
945 _acmm